| 000 | 01061nac a22003377a 4500 | ||
|---|---|---|---|
| 001 | BR0401572 | ||
| 003 | BR-BrBNA | ||
| 005 | 20240105122954.0 | ||
| 008 | 230509b bl.|||m| |||| 00| 0 por d | ||
| 040 |
_aBR-BrBNA _bpor _cBiblioteca Nacional de Agricultura |
||
| 072 | _aF06; F08 | ||
| 090 | _a1410 BR0401572 | ||
| 100 | 1 | _aMoreira, J.A.A. | |
| 100 | 1 | _aStone, L.F. | |
| 100 | 1 | _aGuimarães C.M. | |
| 110 | 1 | _aEMBRAPA Arroz e Feijão, Santo Antônio de Goiás, GO (Brasil) | |
| 245 | 1 | _aManejo da irrigação do feijoeiro no sistema plantio direto: coeficiente de cultura | |
| 260 | 3 |
_aSanto Antônio de Goiás, GO (Brasil): _c2001. |
|
| 300 | _a2 p. | ||
| 490 |
_aPesquisa em Foco - EMBRAPA Arroz e Feijão (Brazil) _vno. 63 _xISSN 1415-2304 |
||
| 650 | _aFEIJÃO | ||
| 650 | _aGRÃO | ||
| 650 | _aIRRIGAÇÃO | ||
| 650 | _aSISTEMA DE PLANTIO | ||
| 650 | _aPLANTIO DIRETO | ||
| 650 | _aCOBERTURA DO SOLO | ||
| 650 | _aPALHADA | ||
| 650 | _aMANEJO DO SOLO | ||
| 909 |
_a202312 _bLúcia Elande _c55 _dLúcia Elande |
||
| 942 |
_2AGRIS _n0 _cMS |
||
| 999 |
_c293510 _d293510 |
||